000 01136nam a2200289 i 4500
003 EG-GICUC
005 20260121101206.0
008 251110s2000 ua ||||fr|||| 00| 0 ara d
040 _a EG-GICUC
_bara
_c EG-GICUC
_d EG-GICUC
_erda
041 0 _aara
082 0 4 _221
_a345
_bم ح . ع
092 0 4 _221
099 _aLaw1 07 345 م ح . ع 2000
100 0 _aمحمد جمال عثمان جبريل
_eمؤلف.
245 1 2 _aالعلمانية والنظام القانوني :
_bدراسة نظرية وتطبيقية مقارنة في القانون العام /
_cدكتور محمد جمال عثمان جبريل.
264 1 _aالقاهرة :
_bدار النهضة العربية،
_c2000.
300 _a294 ؛صفحة
_c24 سم.
336 _2rda content
_atext
337 _2rda media
_aComputer
338 _2rda carrier
_aOnline Resource
504 _aيشتمل على إرجاعات ببليوغرافية.
546 _aالنص باللغة العربية
650 1 4 _aالقانون الإداري
856 4 0 _uhttps://fll.law.cu.edu.eg/fulltext/bks/B07-00538.pdf
905 _a32
942 _2ddc
_cBK
_e21
_n0
999 _c42301
_d42301